Dibujos de la vendimia / (Record no. 100953)

MARC details
000 -LEADER
campo de control de longitud fija 00632nam a2200205 i 4500
001 - NÚMERO DE CONTROL
campo de control 100953
003 - IDENTIFICADOR DE NÚMERO DE CONTROL
campo de control ES-MaACL
005 - FECHA Y HORA DE LA ÚLTIMA TRANSACCIÓN
campo de control 20230906182808.0
007 - CAMPO FIJO DE DESCRIPCIÓN FÍSICA--INFORMACIÓN GENERAL
campo de control de longitud fija t|
008 - DATOS DE LONGITUD FIJA--INFORMACIÓN GENERAL
campo de control de longitud fija 051010s1965 ag ||||1| spa d
100 1# - ENTRADA PRINCIPAL--NOMBRE DE PERSONA
Nombre de persona Mauleón Castillo, Rafael.
9 (RLIN) 79204
245 10 - MENCIÓN DEL TÍTULO
Título Dibujos de la vendimia /
Mención de responsabilidad, etc. Rafael Mauleón Castillo, Angel Pérez Vega.
260 ## - PUBLICACIÓN, DISTRIBUCIÓN, ETC.
Lugar de publicación, distribución, etc. Mendoza (Argentina) :
Nombre del editor, distribuidor, etc. Brigadas Líricas,
Fecha de publicación, distribución, etc. 1965.
300 ## - DESCRIPCIÓN FÍSICA
Extensión 14 lám. ;
Dimensiones 40 cm.
490 1# - MENCIÓN DE SERIE
Mención de serie Expresiones de arte
700 1# - ENTRADA AGREGADA--NOMBRE PERSONAL
Nombre de persona Pérez Vega, Angel.
9 (RLIN) 91196
830 0# - PUNTO DE ACCESO ADICIONAL DE SERIE-TÍTULO UNIFORME
Título uniforme Expresiones de arte
9 (RLIN) 232458
852 ## - LOCALIZACIÓN
Ubicación ES-MaACL
Número de control de estantería B-7311
Sublocalización o colección R.57059
Holdings
Estatus retirado Estado de pérdida Estado de daño No para préstamo Biblioteca de origen Biblioteca actual Ubicación en estantería Fecha de adquisición Fuente de adquisición Total de préstamos Signatura topográfica completa Código de barras Visto por última vez Precio de reemplazo Tipo de ítem Koha
        Biblioteca del Ateneo de Madrid Biblioteca del Ateneo de Madrid Sala Pardo Bazán 17/01/2008     B-7311 1105403 23/02/2023 23/02/2023 Libro impreso